000 00195nam a2200097Ia 4500
008 190216s9999||||xx |||||||||||||| ||und||
100 _aThakazhi
245 0 _aChukk
260 _bNull
942 _cBK
999 _c24781
_d24781